000 003280000a22001090004500
090 _aAS
_bSeriadas
245 1 0 _aReview of the neotropical lisianthoid genus Lagenanthus (<Gentianaceae>)
041 0 _aInglés
100 1 _aEwan, Joseph
_999259
942 _cARTICULO
773 1 _tMutisia: Acta Botánica Colombiana
_3893
_h4
_q1-5
_d1952
999 _c15261
_d15261